01372nam a2200277 a 450000500170000000800410001702000150005804000240007304100080009704400070010508200160011224501140012824600690024226000730031130000810038450400420046558000810050765000650058865100540065365100500070771000370075777200800079494200150087499900150088995201900090420170920092812.0981026s1998 dcuao s 000 0 eng  a1886938369 aDLCcDLCdCO-BoIAVH0 aspa ack04a339.4bF11i00aFacing up to inequality in Latin America :beconomic and social progress in Latin America : 1998-1999 report.1 aEconomic and social progress in Latin America, 1998-1999 report. aWashington, D.C. (EE.UU.) :bInter-American Development Bank,c1998. a282 páginas : bilustraciones a color, tablas y gráficas ; c28 x 22 cm. aIncluye referencias bibliográficas. aIssued as 1998/1999 report of Economic and social progress in Latin America.26aDistribución del ingresozAmérica LatinaxEstadísticas26aAmérica LatinaxCondiciones económicasy1982-26aAmérica LatinaxCondiciones socialesy1982-2 aInter-American Development Bank.1 tEconomic and social progress in Latin America.x0095-2850w(UkOxU)011827437 2ddccLIBRO c5609d5609 00102ddc40708GENERALIINV2017aBogotabBogotad2007-06-14eDoyle, Peter; López, Susanag39000.00l0oLB-339.4 F11ip024506r2012-12-04 00:00:00tEj. 1w2012-12-04xDonacionyLIBRO